000 00277nam a22001337a 4500
082 _a823
_bURO/T
100 _aUROOB
245 _aTHIRAJEDUTHA KATHAKAL
260 _aKOZHIKODE
_bPOORNNA PUBLICATIONS
_c1996
300 _a264
520 _aNOVEL
650 _aNOVEL
942 _cBK
999 _c5338
_d5338